Ekonomická diplomacie Evropské unie: současný stav a východiska pro budoucí vývoj

Rozhodovacie procesy a opatrenia, ktoré vo vonkajších ekonomických vzťahoch používa Európska únia. Ekonomická, komerčná a obchodná diplomacia. Faktory ovplyvňujúce ekonomickú diplomaciu EÚ. Vonkajšie ekonomické rozhodbnutia EÚ.

Uložené v:
Podrobná bibliografia
Hlavný autor: Trávníčková, Zuzana
Médium: Kapitola
Jazyk:Czech
Predmet:
Tagy: Pridať tag
Žiadne tagy, Buďte prvý, kto otaguje tento záznam!

MARC

LEADER 00000naa a2200000 4500
001 0211490
005 20220420121554.6
041 0 |a cze 
044 |a CZ 
245 1 0 |a Ekonomická diplomacie Evropské unie: současný stav a východiska pro budoucí vývoj  |c Zuzana Trávníčková 
520 |a Rozhodovacie procesy a opatrenia, ktoré vo vonkajších ekonomických vzťahoch používa Európska únia. Ekonomická, komerčná a obchodná diplomacia. Faktory ovplyvňujúce ekonomickú diplomaciu EÚ. Vonkajšie ekonomické rozhodbnutia EÚ. 
610 2 0 |a Európska únia 
610 2 0 |a procesy rozhodovacie 
610 2 0 |a vzťahy hospodárske vonkajšie 
610 2 0 |a diplomacia 
610 2 0 |a diplomacia hospodárska 
100 1 |a Trávníčková, Zuzana